[Event "World Amateur-ch U2300"]
[Site "Muscat"]
[Date "2023.11.06"]
[Round "5"]
[White "Buchnicek, Petr"]
[Black "Starley, Robert"]
[Result "1-0"]
[WhiteElo "2219"]
[BlackElo "2072"]
[PlyCount "71"]
[EventDate "2023.11.02"]
[EventType "swiss"]
[EventRounds "9"]
[EventCountry "OMN"]
[SourceTitle "CB46_2023"]
[SourceDate "2023.11.15"]
[SourceVersion "1"]
[SourceVersionDate "2023.11.15"]
[SourceQuality "1"]

1. e4 e5 2. Nf3 Nc6 3. d4 exd4 4. Nxd4 Bc5 5. Nb3 Bb6 6. Nc3 d6 7. Qe2 h6 8. Be3 Nf6 9. 0-0-0 0-0 10. f3 Qe7 11. g4 Be6 12. h4 Nd7 13. Nd4 Nxd4 14. Bxd4 Bxd4 15. Rxd4 a6 16. f4 Qf6 17. Qf2 Bxg4 18. Nd5 Qd8 19. Rg1 h5 20. Be2 f5 21. exf5 Rxf5 22. Ne3 Rc5 23. Nxg4 hxg4 24. Bxg4 Nf6 25. Be6+ Kh8 26. f5 Nh5 27. Qf3 Qe8 28. Rg6 Nf6 29. h5 Ng8 30. h6 Nxh6 31. Rh4 Kh7 32. Qh5 Qf8 33. Rxh6+ gxh6 34. Qg6+ Kh8 35. Rxh6+ Qxh6+ 36. Qxh6# 1-0

[Event "World Amateur-ch U2300"]
[Site "Muscat"]
[Date "2023.11.05"]
[Round "4"]
[White "Starley, Robert"]
[Black "Bartakke, Amardeep S"]
[Result "1-0"]
[WhiteElo "2072"]
[BlackElo "1963"]
[PlyCount "139"]
[EventDate "2023.11.02"]
[EventType "swiss"]
[EventRounds "9"]
[EventCountry "OMN"]
[SourceTitle "CB46_2023"]
[SourceDate "2023.11.15"]
[SourceVersion "1"]
[SourceVersionDate "2023.11.15"]
[SourceQuality "1"]

1. e4 e5 2. Nf3 Nc6 3. Bb5 a6 4. Ba4 Nf6 5. 0-0 Nxe4 6. d4 Be7 7. Re1 b5 8. Bb3 d5 9. dxe5 Be6 10. c3 0-0 11. Nbd2 Nc5 12. Bc2 d4 13. cxd4 Nxd4 14. Nxd4 Qxd4 15. Qh5 Nd3 16. Bxd3 Qxd3 17. Ne4 Bb4 18. Re3 Qc2 19. h3 Rad8 20. Kh2 Rd4 21. Nf6+ Kh8 22. Re4 Qxe4 23. Nxe4 Rxe4 24. Be3 Be7 25. Kh1 c5 26. b3 Rc8 27. Rc1 Kg8 28. Qf3 Bd5 29. Rd1 Bc6 30. Qe2 Rxe5 31. Qg4 Re8 32. Qg3 Bf8 33. Rc1 g6 34. Kh2 R8e6 35. Rd1 Be7 36. Bh6 Bd5 37. Re1 Bd6 38. Rxe5 Bxe5 39. Bf4 Bg7 40. Qd3 Bd4 41. Be3 Bxe3 42. fxe3 Be4 43. Qc3 Rc6 44. Qe5 f5 45. g4 h6 46. Kg3 c4 47. bxc4 bxc4 48. Qc3 Kh7 49. h4 fxg4 50. Kxg4 Bd3 51. Kf4 Re6 52. Qa5 Rf6+ 53. Kg3 h5 54. Qc7+ Kg8 55. Qd8+ Rf8 56. Qd5+ Kh7 57. Qb7+ Kh6 58. Qxa6 Be2 59. Qa3 Rc8 60. Qc3 Kh7 61. a4 Bg4 62. a5 Be6 63. Kf4 Bf7 64. e4 Kg8 65. a6 Kh7 66. Qf6 Kg8 67. a7 c3 68. Qa6 Ra8 69. Qb7 Rf8 70. a8Q 1-0

[Event "GBR-ch 109th"]
[Site "Leicester"]
[Date "2023.07.22"]
[Round "1"]
[White "Starley, Robert"]
[Black "Dong, Bao Nghia"]
[Result "0-1"]
[WhiteElo "2064"]
[BlackElo "2327"]
[PlyCount "94"]
[EventDate "2023.07.22"]
[EventType "swiss"]
[EventRounds "9"]
[EventCountry "ENG"]
[SourceTitle "CBM 215 Extra"]
[Source "ChessBase"]
[SourceDate "2023.09.30"]
[SourceVersion "1"]
[SourceVersionDate "2023.09.30"]
[SourceQuality "1"]

1. e4 e5 2. Nf3 Nc6 3. Bb5 a6 4. Ba4 Nf6 5. 0-0 Be7 6. Re1 b5 7. Bb3 d6 8. c3 Na5 9. Bc2 c5 10. h3 0-0 11. d4 Qc7 12. Nbd2 cxd4 13. cxd4 Nc6 14. Nf1 a5 15. Be3 Nb4 16. Bb1 Bd7 17. a3 Na6 18. Ng3 Rfc8 19. Ba2 exd4 20. Nxd4 Nc5 21. Ndf5 Bf8 22. Rc1 Be6 23. Bb1 Qd7 24. Qf3 d5 25. e5 Nfe4 26. b4 axb4 27. axb4 Nxg3 28. Nxg3 d4 29. bxc5 dxe3 30. Qxe3 b4 31. Qe4 g6 32. Qxb4 Ra4 33. Qb6 Qd4 34. Ne4 Rb4 35. Qa5 Rb2 36. Qc3 Bxc5 37. Qf3 Bb6 38. Rxc8+ Bxc8 39. Rc1 Bf5 40. Nf6+ Kg7 41. Qa8 Qxf2+ 42. Kh1 Bc8 43. Be4 Re2 44. Qa1 Bxh3 45. Qa8 Bxg2+ 46. Bxg2 Qh4+ 47. Bh3 Qxh3# 0-1

[Event "BCF-chT3E 2223 (4NCL)"]
[Site "England"]
[Date "2023.02.12"]
[Round "6.62"]
[White "Talsma, Paul"]
[Black "Starley, Robert"]
[Result "1/2-1/2"]
[WhiteElo "2170"]
[BlackElo "2013"]
[PlyCount "79"]
[EventDate "2022.11.05"]
[EventType "team-tourn"]
[EventRounds "11"]
[EventCountry "ENG"]
[SourceTitle "EXT 2024"]
[Source "ChessBase"]
[SourceDate "2023.10.10"]
[SourceVersion "1"]
[SourceVersionDate "2023.10.10"]
[SourceQuality "1"]
[WhiteTeam "Anglian Avengers"]
[BlackTeam "Cambridge University II"]
[WhiteTeamCountry "ENG"]
[BlackTeamCountry "ENG"]

1. d4 Nf6 2. c4 e6 3. Nc3 Bb4 4. f3 d5 5. a3 Bxc3+ 6. bxc3 0-0 7. cxd5 exd5 8. e3 c5 9. Bd3 b6 10. Ne2 Ba6 11. 0-0 Bxd3 12. Qxd3 Re8 13. Ng3 Nc6 14. Bb2 Rc8 15. Rae1 g6 16. e4 cxd4 17. cxd4 h5 18. e5 h4 19. Nh1 Nh5 20. Bc1 Ng7 21. Nf2 Nf5 22. Ng4 Re6 23. Nf6+ Rxf6 24. Bg5 Ncxd4 25. exf6 Qd6 26. Bxh4 Nc2 27. Rc1 Nxh4 28. Rxc2 Rxc2 29. Qxc2 Qxf6 30. Qe2 Qc3 31. Qe8+ Kg7 32. Qe1 Qd4+ 33. Kh1 Nf5 34. f4 Qd3 35. Qe5+ Kh7 36. Re1 Qd2 37. Qe8 Kg7 38. Qe5+ Kh7 39. Qe8 Kg7 40. Qe5+ 1/2-1/2

[Event "BCF-chT3E 2223 (4NCL)"]
[Site "England"]
[Date "2023.02.11"]
[Round "5.52"]
[White "Starley, Robert"]
[Black "Varley, Joe"]
[Result "1-0"]
[WhiteElo "2013"]
[BlackElo "2024"]
[PlyCount "49"]
[EventDate "2022.11.05"]
[EventType "team-tourn"]
[EventRounds "11"]
[EventCountry "ENG"]
[SourceTitle "EXT 2024"]
[Source "ChessBase"]
[SourceDate "2023.10.10"]
[SourceVersion "1"]
[SourceVersionDate "2023.10.10"]
[SourceQuality "1"]
[WhiteTeam "Cambridge University II"]
[BlackTeam "Hull & East Riding Tigers"]
[WhiteTeamCountry "ENG"]
[BlackTeamCountry "ENG"]

1. e4 c5 2. Nf3 e6 3. d4 cxd4 4. Nxd4 a6 5. Nc3 b5 6. a3 Bb7 7. Be2 Qc7 8. 0-0 Bc5 9. Be3 Nf6 10. Ndxb5 axb5 11. Nxb5 Qb6 12. Bxc5 Qxc5 13. Nd6+ Ke7 14. Nxb7 Qc7 15. e5 Qxe5 16. b4 Ra7 17. Na5 Nc6 18. Nc4 Qc7 19. b5 Na5 20. b6 Qc5 21. bxa7 Nxc4 22. Qb1 Nb6 23. Qb4 Kd6 24. Rfd1+ Kc6 25. Bb5+ 1-0

[Event "Guernsey op 46th"]
[Site "St James"]
[Date "2022.10.19"]
[Round "4"]
[White "Johnsen, Gunnar"]
[Black "Starley, Robert"]
[Result "1-0"]
[WhiteElo "2121"]
[BlackElo "2020"]
[PlyCount "115"]
[EventDate "2022.10.16"]
[EventType "swiss"]
[EventRounds "7"]
[EventCountry "GCI"]
[SourceTitle "EXT 2024"]
[Source "ChessBase"]
[SourceDate "2023.10.10"]
[SourceVersion "1"]
[SourceVersionDate "2023.10.10"]
[SourceQuality "1"]

1. d4 Nf6 2. Nf3 d5 3. c4 e6 4. cxd5 exd5 5. Nc3 Bf5 6. Qb3 Nc6 7. Bg5 Be7 8. Bxf6 Bxf6 9. e3 Ne7 10. Qxb7 0-0 11. Be2 Qd6 12. Qa6 Qb4 13. 0-0 Rfb8 14. Rfc1 Rb6 15. Qa4 Qxb2 16. Qd1 Rbb8 17. Na4 Qb7 18. Rc3 c6 19. Rac1 Qc7 20. Ne1 a5 21. Bd3 Bxd3 22. Qxd3 Qd6 23. Qc2 Rb5 24. Nd3 Rab8 25. Ndc5 g6 26. g3 Bg7 27. Kg2 h5 28. h4 Bh6 29. Nd3 Bg7 30. Nac5 Kh7 31. a4 R5b6 32. Nb3 Ra8 33. Rc5 Rba6 34. Qc3 Qd8 35. Ne5 Bxe5 36. dxe5 Qb6 37. Nd4 Rc8 38. e6 Qb4 39. Qd3 Rb6 40. exf7 Kg7 41. R1c3 Qxa4 42. Ra3 Qb4 43. Rb3 Kxf7 44. Rxb4 axb4 45. e4 Rcb8 46. Qf3+ Ke8 47. Nb3 dxe4 48. Qxe4 R8b7 49. Qe6 Rc7 50. Ra5 Rb8 51. Nc5 Rbc8 52. Qf6 b3 53. Qd4 Nd5 54. Nxb3 Ne7 55. Ra7 c5 56. Qa4+ Kd8 57. Nxc5 Rxa7 58. Ne6# 1-0

[Event "Guernsey op 46th"]
[Site "St James"]
[Date "2022.10.18"]
[Round "3"]
[White "Starley, Robert"]
[Black "Hunt, Harriet"]
[Result "1/2-1/2"]
[WhiteElo "2020"]
[BlackElo "2359"]
[PlyCount "147"]
[EventDate "2022.10.16"]
[EventType "swiss"]
[EventRounds "7"]
[EventCountry "GCI"]
[SourceTitle "EXT 2024"]
[Source "ChessBase"]
[SourceDate "2023.10.10"]
[SourceVersion "1"]
[SourceVersionDate "2023.10.10"]
[SourceQuality "1"]

1. e4 e5 2. Nf3 Nc6 3. Bb5 a6 4. Ba4 Nf6 5. 0-0 b5 6. Bb3 Bc5 7. c3 d6 8. d4 Bb6 9. dxe5 Nxe5 10. Nxe5 dxe5 11. Qxd8+ Kxd8 12. Bg5 Ke7 13. Nd2 h6 14. Bh4 Bg4 15. Nf3 g5 16. Bg3 Bxf3 17. gxf3 Nd7 18. Bd5 Rab8 19. a4 bxa4 20. Rxa4 a5 21. Rd1 f6 22. Raa1 Rhd8 23. h4 Nf8 24. hxg5 hxg5 25. Kf1 Ne6 26. Ke2 Rh8 27. b3 Nc5 28. Rh1 Rbd8 29. Rab1 Ne6 30. Rbd1 Ng7 31. Bc6 Nh5 32. Bh2 Rd6 33. Bd5 c6 34. Bc4 Rxd1 35. Rxd1 Ng7 36. Bg3 Ne8 37. Ba6 Nd6 38. Bd3 Bc7 39. Rb1 Ke6 40. Kd2 Rh3 41. Bf1 Rh1 42. Bd3 Rh8 43. Ke2 Rb8 44. Kd2 c5 45. Kc2 Rh8 46. Ra1 Kd7 47. Ra4 Rh1 48. Bc4 Kc6 49. Bd5+ Kb5 50. Be6 Bd8 51. Bd7+ Kb6 52. Be6 Be7 53. Kd2 Bf8 54. Kc2 Bh6 55. Bg4 Nb5 56. Kd2 Bf8 57. Bd7 Nd6 58. Be6 g4 59. fxg4 Bh6+ 60. Kc2 Nb5 61. Kb2 Bc1+ 62. Kc2 Bg5 63. Kb2 Rd1 64. b4 Rd2+ 65. Ka1 axb4 66. cxb4 cxb4 67. Rxb4 Kc5 68. Rb2 Rd1+ 69. Rb1 Rxb1+ 70. Kxb1 Nc3+ 71. Kc2 Nxe4 72. Kd3 Nd6 73. f3 Nb5 74. Ke4 1/2-1/2

[Event "British OTB-ch"]
[Site "Hull"]
[Date "2021.10.08"]
[Round "7"]
[White "Bradbury, Neil H"]
[Black "Starley, Robert"]
[Result "0-1"]
[WhiteElo "2265"]
[BlackElo "2057"]
[PlyCount "96"]
[EventDate "2021.10.02"]
[EventType "swiss"]
[EventRounds "9"]
[EventCountry "ENG"]
[SourceTitle "EXT 2022"]
[Source "ChessBase"]
[SourceDate "2021.10.06"]
[SourceVersion "1"]
[SourceVersionDate "2021.10.06"]
[SourceQuality "1"]

1. d4 Nf6 2. c4 b6 3. Nc3 Bb7 4. Nf3 e6 5. a3 Be7 6. d5 d6 7. dxe6 fxe6 8. e3 Qd7 9. Be2 Nc6 10. 0-0 0-0 11. Qc2 Nd8 12. b3 Rc8 13. Bb2 e5 14. Rad1 Nf7 15. e4 Kh8 16. Rfe1 Qe6 17. Bf1 Nh5 18. g3 Nh6 19. Bg2 Rf7 20. Qe2 Rcf8 21. Bc1 Bd8 22. h3 Bc8 23. Rf1 Qg6 24. Nh2 a5 25. Nd5 Bd7 26. Be3 c6 27. Nc3 Nf4 28. gxf4 exf4 29. Kh1 fxe3 30. Qxe3 Bc7 31. Ne2 Qh5 32. f4 Re7 33. Qf2 Bxh3 34. Bf3 Bg4 35. Ng3 Qh4 36. Bxg4 Nxg4 37. Qe2 Qxg3 38. Nxg4 Qxb3 39. Rf3 Rxe4 40. Qxe4 Qxd1+ 41. Kg2 Bd8 42. Nf2 Qa1 43. Qxc6 Qf6 44. Qd5 Re8 45. Nd3 Qg6+ 46. Rg3 Qe4+ 47. Qxe4 Rxe4 48. Nf2 Rxf4 0-1

[Event "Leamington Spa 4NCL op 25th"]
[Site "Leamington Spa"]
[Date "2021.07.11"]
[Round "4"]
[White "Burrows, Nick"]
[Black "Starley, Robert"]
[Result "1-0"]
[WhiteElo "1947"]
[BlackElo "2084"]
[PlyCount "109"]
[EventDate "2021.07.09"]
[EventType "swiss"]
[EventRounds "5"]
[EventCountry "ENG"]
[SourceTitle "CBM 203 Extra"]
[Source "ChessBase"]
[SourceDate "2021.09.30"]
[SourceVersion "1"]
[SourceVersionDate "2021.09.30"]
[SourceQuality "1"]

1. Nf3 Nf6 2. g3 d5 3. Bg2 Nbd7 4. c4 dxc4 5. Qa4 e5 6. Nxe5 c6 7. Nxd7 Bxd7 8. Qxc4 Bd6 9. d4 h5 10. Bg5 Qa5+ 11. Bd2 Qc7 12. e4 Ng4 13. Nc3 h4 14. e5 hxg3 15. hxg3 Rxh1+ 16. Bxh1 Bf8 17. Nd5 Qd8 18. Ne3 Be6 19. Qc3 Nxe3 20. Bxe3 Bd5 21. 0-0-0 Bxh1 22. Rxh1 Qd5 23. Rh8 0-0-0 24. Qb3 Qxb3 25. axb3 Bb4 26. Rxd8+ Kxd8 27. Kc2 Kd7 28. Kd3 Ke6 29. Ke4 Be1 30. g4 a6 31. f4 g6 32. f5+ gxf5+ 33. gxf5+ Kd7 34. d5 cxd5+ 35. Kxd5 Bb4 36. Bc5 Bd2 37. e6+ fxe6+ 38. fxe6+ Ke8 39. b4 Be1 40. Kc4 Bg3 41. b5 axb5+ 42. Kxb5 Bc7 43. b3 Bd8 44. Bd6 b6 45. Kc6 Bg5 46. Kxb6 Kd8 47. Kc6 Bd2 48. b4 Be3 49. b5 Bf2 50. b6 Be3 51. b7 Ba7 52. Kb5 Ke8 53. Ka6 Bb6 54. b8Q+ Bd8 55. e7 1-0

[Event "Checkmate Covid Rematch"]
[Site "Chess.com INT"]
[Date "2021.06.06"]
[Round "?"]
[White "Siddharth, Jagadeesh"]
[Black "Starley, Robert"]
[Result "1-0"]
[WhiteElo "2331"]
[BlackElo "2084"]
[PlyCount "101"]
[EventDate "2021.06.05"]
[EventType "swiss (blitz)"]
[EventRounds "20"]
[EventCountry "ENG"]
[SourceTitle "CBM 202 Extra"]
[Source "ChessBase"]
[SourceDate "2021.07.31"]
[SourceVersion "1"]
[SourceVersionDate "2021.07.31"]
[SourceQuality "1"]

1. e4 e5 2. Nf3 Nc6 3. Bc4 Bc5 4. c3 Nf6 5. d4 exd4 6. e5 d5 7. Bb5 Ne4 8. cxd4 Bb4+ 9. Bd2 Nxd2 10. Nbxd2 0-0 11. 0-0 Bg4 12. h3 Nxd4 13. hxg4 Nxb5 14. Qb3 Bxd2 15. Qxb5 Bh6 16. Qxb7 Rb8 17. Qxa7 Rxb2 18. Qd4 Rb8 19. a4 g6 20. a5 Bg7 21. a6 c6 22. Rfc1 Qb6 23. a7 Qxd4 24. Nxd4 Ra8 25. Nxc6 Rfe8 26. f4 Re6 27. Rab1 Bf8 28. Rb8 Re8 29. Rxe8 Rxe8 30. Nb8 Ba3 31. a8Q Bxc1 32. g3 d4 33. Kg2 d3 34. Qc6 Rxb8 35. Qxc1 Rd8 36. Qd2 Kg7 37. g5 Kf8 38. Kf3 Ke7 39. Ke3 Ke6 40. g4 Ke7 41. Qb4+ Ke8 42. Qb5+ Ke7 43. Qc5+ Ke8 44. Qc6+ Rd7 45. Kd2 Ke7 46. f5 gxf5 47. gxf5 Kd8 48. e6 fxe6 49. fxe6 Re7 50. Qd6+ Ke8 51. Qb8# 1-0

[Event "Checkmate Covid Rematch"]
[Site "Chess.com INT"]
[Date "2021.06.06"]
[Round "?"]
[White "Starley, Robert"]
[Black "Adams, Michael"]
[Result "0-1"]
[WhiteElo "2084"]
[BlackElo "2716"]
[PlyCount "94"]
[EventDate "2021.06.05"]
[EventType "swiss (blitz)"]
[EventRounds "20"]
[EventCountry "ENG"]
[SourceTitle "CBM 202 Extra"]
[Source "ChessBase"]
[SourceDate "2021.07.31"]
[SourceVersion "1"]
[SourceVersionDate "2021.07.31"]
[SourceQuality "1"]

1. e4 Nf6 2. e5 Nd5 3. d4 d6 4. Nf3 dxe5 5. Nxe5 c6 6. Bc4 Nd7 7. 0-0 g6 8. Bf4 Bg7 9. Bg3 0-0 10. Re1 Nxe5 11. Bxe5 Bf5 12. Bxg7 Kxg7 13. c3 Qd6 14. Nd2 Rad8 15. Ne4 Bxe4 16. Rxe4 Nf6 17. Re1 c5 18. dxc5 Qxc5 19. Qe2 e6 20. Bb3 b5 21. Rad1 a5 22. Rxd8 Rxd8 23. Rd1 Rb8 24. h3 a4 25. Bc2 a3 26. bxa3 Qxc3 27. Bb3 Qc5 28. a4 bxa4 29. Bxa4 Rb4 30. Bb3 Re4 31. Qf3 h5 32. Ra1 h4 33. a4 Qe5 34. Rf1 Rb4 35. Bd1 Qc5 36. Qa3 Qa5 37. Qc3 Rxa4 38. Qb2 Ra2 39. Qd4 Qg5 40. Re1 Rd2 41. Qc3 Qf4 42. Rf1 e5 43. Bb3 Ne4 44. Qc4 Rxf2 45. Re1 Rxg2+ 46. Kxg2 Qf2+ 47. Kh1 Ng3# 0-1

[Event "Checkmate Covid Rematch"]
[Site "Chess.com INT"]
[Date "2021.06.06"]
[Round "?"]
[White "Starley, Robert"]
[Black "Alizada, Eldar"]
[Result "0-1"]
[WhiteElo "2084"]
[BlackElo "1922"]
[PlyCount "104"]
[EventDate "2021.06.05"]
[EventType "swiss (blitz)"]
[EventRounds "20"]
[EventCountry "ENG"]
[SourceTitle "CBM 202 Extra"]
[Source "ChessBase"]
[SourceDate "2021.07.31"]
[SourceVersion "1"]
[SourceVersionDate "2021.07.31"]
[SourceQuality "1"]

1. e4 e6 2. d4 d5 3. e5 c5 4. c3 Nc6 5. Nf3 Qb6 6. a3 c4 7. Be2 Na5 8. 0-0 Nb3 9. Ra2 Bd7 10. Nbd2 Ba4 11. Qe1 Ne7 12. Nxb3 Bxb3 13. Ra1 Nc6 14. Nd2 Ba4 15. Nf3 Na5 16. Nd2 Be7 17. f4 0-0-0 18. Qf2 g6 19. Bg4 h5 20. Bh3 Kb8 21. Nf3 Nb3 22. Rb1 Nxc1 23. Rfxc1 Bb3 24. Re1 Ka8 25. g3 Rh7 26. Bg2 Rdh8 27. h4 a6 28. Re2 Ba4 29. Ne1 Bc6 30. Ra1 Re8 31. Rd2 Rg7 32. Rdd1 Ba4 33. Rdb1 Bb3 34. Bf3 a5 35. Bd1 Bxd1 36. Rxd1 a4 37. Rdb1 Bd8 38. Nc2 Be7 39. Nb4 Bxb4 40. axb4 Qc6 41. b5 Qxb5 42. Qc2 Kb8 43. Rxa4 Kc7 44. Rba1 Rgg8 45. Ra5 Qb6 46. Rc5+ Kd7 47. Qa4+ Ke7 48. Rb5 Qc6 49. Qa7 Qxb5 50. Ra4 Ra8 51. Qxa8 Rxa8 52. Rxa8 Qxb2 0-1